000 00832nam a22002537a 4500
001 06922
003 HDC
007 cr bn ---aaaaa
008 210125b20062006sp ||||| |||| 00| 0 eng d
022 _a1699-1621
040 _aHDC
245 0 _aFood Magazine
_c/ Juliet Hoskins, editor
260 _aSpain:
_bAndreas Lange,
_c2006
300 _a1 online resource (68 pages):
_bchiefly colour illustrations
336 _atext
_2rdacontent
337 _acomputer
_2rdamedia
338 _aonline resource
_2rdacarrier
650 _aFood
_vPeriodicals
_97347
700 _aHoskins, Juliet
_eeditor
_97348
856 _zRequest full-text at [email protected]
942 _2lcc
942 _cAR
942 _kEMAG 000227
999 _c4246
_d4246